00935nam a22002057a 4500003000800000008004100008037000800049040003500057041000800092080000900100100002800109245017600137260006900313300002100382502017900403650006800582655001800650700003200668710002900700BI-BuBU260602b2025 bd fr|||| 000 0 fre d bDON aBI-BuBUbfrecBI-BuBUdBI-BuBU0 afre a574.1 4aut.aMasabo, Onesphore10aEtude de la dynamique de la végétation et des services écosystemiques de la chaine de montagnes de Birime à l'EstcOnesphore Masabo; Jacques Nkengurutse, directeur aBujumburabUniversité du Burundi, Faculté des Sciencesc2025 aXI-50 f.c30 cm. aMemoire présenté en vue d'obtenir le diplôme de master en Biologie des Organismes et Ecologie ( MBOE) Spécialité : Gestion des paysages et Ecosystèmes terrestres 72BI-BuBUaMontagne ( chaine)xvégétation zBirime ( Burundi) 72BI-BuBUabook1 4dir.a Nkengurutse,Jacques  a, Faculté des Sciences